| 000 | 01936nam a2200277Ia 4500 | ||
|---|---|---|---|
| 999 |
_c37678 _d37678 |
||
| 001 | 3650 | ||
| 003 | GE_BSU | ||
| 005 | 20190625205219.0 | ||
| 008 | 181216s2008||||ge |||||||||||||| ||geo|| | ||
| 020 | _a9789941125102 | ||
| 040 | _cGE_BSU | ||
| 041 | _ageo | ||
| 080 | _a327(075.8) მ–27 | ||
| 100 |
_aმანველიძე, ირაკლი _92014 |
||
| 245 |
_aსისტემური საერთაშორისო ურთიერთობების გენეზისი და ევოლუცია : _bწ. 1 : ვესტფალიის სისტემა / _cირაკლი მანველიძე ; [რედ. რეზო მანველიძე] ; შოთა რუსთაველის სახელმწ. უნ-ტის სოციალ. მეცნ., ბიზნესისა და სამართალმცოდნ. ფაკ., სოციალ. მეცნ. დეპარტამენტი. |
||
| 264 |
_aთბილისი : _bუნივერსალი, _c2008. |
||
| 300 |
_a216 გვ. ; _b20 სმ. |
||
| 504 | _aბიბლიოგრ.: გვ. 209-212. | ||
| 520 | _aრეზ. რუს. და ინგლ. | ||
| 653 | _aსაერთაშორისო ურთიერთობების ისტორია | ||
| 653 | _aსაზღვარგარეთის ქვეყნების ისტორია | ||
| 653 | _aვესტფალიის სისტემა | ||
| 700 |
_aმანველიძე, რეზო _eრედაქტორი _91497 |
||
| 710 |
_aშოთა რუსთაველის სახელმწ. უნ-ტი _bსოციალ. მეცნ., ბიზნესისა და სამართალმცოდნ. ფაკ., სოციალ. მეცნ. დეპარტამენტი. _92928 |
||
| 942 |
_cBK _2udc |
||